000 01157cab a22002655a 4500
001 L143455
008 080512e20080313xxk g 000 0 eng d
035 _a(Sirsi) u143455
041 0 _aeng
110 2 _aRoyal Institution of Chartered Surveyors
_94900
245 0 0 _aSurveying
_ba special careers supplement
260 _c2008
490 _aIndependent
_v13 March 2008
520 _aSurveying careers update published as a supplement to The Independent newspaper provides an overview of the wide range of fields available to surveyors. Considers the wide contribution surveyors can make to world development. Looks at the role surveyors play in regeneration schemes. Looks at how surveyors can work with MapAction, an organisation which aims to provide surveyors where they are most needed in the world. Concludes with a number of career profiles.
590 _aKA
651 4 _aInternational
690 _aCAREERS, EDUCATION AND TRAINING
700 1 _aHilpern, Kate
700 1 _aTuffin, David
700 1 _aMcCormack, Steve
700 1 _aMatthews, Virginia
700 1 _aGiacomantonio, Anne
710 _aIndependent
_95544
942 _n0
999 _c80186
_d80186